Taleemi Encyclopedia (Record no. 34791)

MARC details
000 -LEADER
fixed length control field 00397nam a22001577a 4500
005 - DATE AND TIME OF LATEST TRANSACTION
control field 20231206105316.0
008 - FIXED-LENGTH DATA ELEMENTS--GENERAL INFORMATION
fixed length control field 231206b |||||||| |||| 00| 0 eng d
020 ## - INTERNATIONAL STANDARD BOOK NUMBER
ISBN 978-969-8983-52-9
082 ## - DEWEY DECIMAL CLASSIFICATION NUMBER
Classification number 503.21
Item number NOM
100 ## - MAIN ENTRY--AUTHOR
Author Name Noman Tariq
245 ## - TITLE STATEMENT
Title Taleemi Encyclopedia
260 ## - PUBLICATION, DISTRIBUTION, ETC.
Place of Publication Lahore
Name of publisher, distributor, etc. Metro Printers Lahore
Date of publication, distribution, etc. 2012
300 ## - PHYSICAL DESCRIPTION
Pages 200
650 ## - SUBJECT ADDED ENTRY--TOPICAL TERM
Subject / Department Engineering/Encyclopedia
952 ## - LOCATION AND ITEM INFORMATION (KOHA)
-- 0
-- 0
Holdings
Lost status Damaged status Collection code Permanent Location Current Location Date acquired Accession No./Barcode Date last seen item type Koha item type
    Engineering Superior Information Resource Center (SIRC) Superior University - City Campus Superior Information Resource Center (SIRC) Superior University - City Campus 12/06/2023 28194 12/06/2023 BOOK BOOK

Powered by Koha